[Event "España ch Universitario 2005"]
[Site "Granada ESP"]
[Date "2005.05.11"]
[Round "8.7"]
[White "Fluvia Poyatos, Joan"]
[Black "Reinaldo Castiñeira, Roi"]
[Result "0-1"]
[WhiteElo "2465"]
[BlackElo "2448"]
[PlyCount "87"]
[EventDate "2005.05.09"]
[EventType "swiss"]
[EventRounds "9"]
[EventCountry "ESP"]
[Source "lmi"]
[SourceDate "2005.05.11"]

1. e4 c5 2. Nf3 d6 3. d4 cxd4 4. Nxd4 Nf6 5. Nc3 a6 6. Be3 e5 7. Nb3 Be6 8. f3
Be7 9. g4 O-O 10. Qd2 Nbd7 11. O-O-O b5 12. Qf2 b4 13. Nd5 a5 14. g5 Nxd5 15.
exd5 Bf5 16. f4 a4 17. Na1 a3 18. Bc4 Qc7 19. Bb3 Nc5 20. Bxc5 dxc5 21. Bc4
exf4 22. Rhe1 Bd6 23. Qe2 Qa5 24. b3 Qd8 25. h4 Re8 26. Qf3 Qd7 27. Qf1 Rxe1
28. Rxe1 Re8 29. c3 f3 30. Nc2 Bf4+ 31. Kb1 Bg3 32. Rd1 f2 33. Bb5 Qe7 34. Bxe8
Qxe8 35. d6 Qe4 36. Rc1 Qd3 37. d7 Bc7 38. Qxd3 Bxd3 39. cxb4 cxb4 40. Rd1 f1=Q
41. Rxf1 Bxf1 42. Nxb4 Bh3 43. Na6 Bf5+ 44. Ka1 0-1

[Event "España ch Universitario 2005"]
[Site "Granada ESP"]
[Date "2005.05.11"]
[Round "8.8"]
[White "Martinez Martin, David"]
[Black "Andres Gonzalez, Ivan"]
[Result "0-1"]
[WhiteElo "2376"]
[BlackElo "2314"]
[PlyCount "100"]
[EventDate "2005.05.09"]
[EventType "swiss"]
[EventRounds "9"]
[EventCountry "ESP"]
[Source "lmi"]
[SourceDate "2005.05.11"]

1. d4 Nf6 2. c4 c5 3. d5 b5 4. cxb5 a6 5. bxa6 Bxa6 6. g3 d6 7. Bg2 g6 8. b3
Bg7 9. Bb2 O-O 10. Nh3 Nbd7 11. O-O Qb6 12. Nd2 Rfb8 13. Bc3 Qd8 14. Nf4 Qf8
15. h4 Ng4 16. Bxg7 Qxg7 17. Qc2 h6 18. Ne4 Ndf6 19. Qc3 Ne5 20. Nxf6+ Qxf6 21.
Be4 Rb4 22. Bc2 Rab8 23. a3 Rxf4 24. gxf4 Qxf4 25. Qg3 Qd2 26. f4 Bxe2 27. fxe5
Bxf1 28. Bxg6 Qd4+ 29. Qf2 Qg4+ 30. Kh1 Bg2+ 31. Qxg2 Qxh4+ 32. Qh2 Qxh2+ 33.
Kxh2 fxg6 34. exd6 exd6 35. Rg1 Kg7 36. Rg3 Kf6 37. Re3 Kf5 38. a4 h5 39. Re6
Rxb3 40. Rxd6 Ra3 41. Ra6 c4 42. d6 Ke6 43. d7+ Kxd7 44. Rxg6 c3 45. Rg5 Kd6
46. Rg8 Kd5 47. Rc8 Kd4 48. Rd8+ Ke3 49. Rc8 Kd2 50. Rd8+ Kc1 0-1

[Event "España ch Universitario 2005"]
[Site "Granada ESP"]
[Date "2005.05.11"]
[Round "8.9"]
[White "Piay Augusto, Diego"]
[Black "Franco Alonso, Alejandro"]
[Result "0-1"]
[WhiteElo "2248"]
[BlackElo "2387"]
[PlyCount "104"]
[EventDate "2005.05.09"]
[EventType "swiss"]
[EventRounds "9"]
[EventCountry "ESP"]
[Source "lmi"]
[SourceDate "2005.05.11"]

1. e4 c5 2. c3 d5 3. exd5 Qxd5 4. d4 g6 5. Nf3 cxd4 6. cxd4 Bg7 7. Nc3 Qd8 8.
Bc4 Nh6 9. h3 Nf5 10. Be3 O-O 11. O-O Nd7 12. Re1 a6 13. a4 b6 14. Bf4 Bb7 15.
Ne5 Rc8 16. Bb3 e6 17. d5 exd5 18. Nxd5 Nxe5 19. Bxe5 Bxd5 20. Qxd5 Nd4 21.
Bxg7 Kxg7 22. Rad1 Nxb3 23. Qxb3 Qf6 24. Rd3 Rfe8 25. Rf1 Re5 26. Rfd1 Qe6 27.
Qb4 Rc4 28. Qd6 Rxa4 29. Qc7 Rae4 30. Qc3 Rc4 31. Qa3 Re1+ 32. Rxe1 Qxe1+ 33.
Kh2 Qxf2 34. Rf3 Qc5 35. Qxa6 Qe5+ 36. Rg3 Rb4 37. Qa3 Rxb2 38. Kg1 Qc5+ 39.
Qxc5 bxc5 40. Rc3 Rb5 41. Kf2 Kf6 42. h4 h5 43. Ke3 Ke5 44. Ra3 Rb7 45. Kd3 Kd5
46. Kc3 Rb4 47. Ra7 f5 48. Rd7+ Kc6 49. Ra7 Rg4 50. Ra2 Kd5 51. Rd2+ Rd4 52.
Re2 Rxh4 0-1

[Event "España ch Universitario 2005"]
[Site "Granada ESP"]
[Date "2005.05.11"]
[Round "8.10"]
[White "Llanes Hurtado, Miguel"]
[Black "Kurajica, Mladen"]
[Result "1/2-1/2"]
[WhiteElo "2409"]
[BlackElo "2225"]
[PlyCount "48"]
[EventDate "2005.05.09"]
[EventType "swiss"]
[EventRounds "9"]
[EventCountry "ESP"]
[Source "lmi"]
[SourceDate "2005.05.11"]

1. d4 Nf6 2. Nf3 e6 3. c4 b6 4. g3 Ba6 5. b3 d5 6. cxd5 Nxd5 7. Bg2 Bb4+ 8. Bd2
Bxd2+ 9. Qxd2 O-O 10. O-O Nd7 11. Rc1 Bb7 12. b4 Rc8 13. Qb2 Qe7 14. a3 Ba8 15.
Nbd2 N5f6 16. Rc2 a6 17. Rac1 c5 18. dxc5 bxc5 19. bxc5 Rxc5 20. Rxc5 Nxc5 21.
Qb4 Nfd7 22. Nd4 Bxg2 23. Kxg2 Qd6 24. Qc4 h6 1/2-1/2

[Event "España ch Universitario 2005"]
[Site "Granada ESP"]
[Date "2005.05.12"]
[Round "9.1"]
[White "Reinaldo Castiñeira, Roi"]
[Black "Ibarra Jerez, Jose Carlos"]
[Result "1/2-1/2"]
[WhiteElo "2448"]
[BlackElo "2435"]
[PlyCount "35"]
[EventDate "2005.05.09"]
[EventType "swiss"]
[EventRounds "9"]
[EventCountry "ESP"]
[Source "lmi"]
[SourceDate "2005.05.11"]

1. e4 c5 2. Nf3 Nf6 3. Nc3 d5 4. exd5 Nxd5 5. Bc4 e6 6. O-O Be7 7. d3 O-O 8.
Ne4 Nc6 9. a3 b6 10. Re1 Bb7 11. c3 Qd7 12. b4 Rfd8 13. Qc2 Rac8 14. bxc5 bxc5
15. Rd1 Qc7 16. Rb1 Na5 17. Ba2 c4 18. d4 1/2-1/2

[Event "España ch Universitario 2005"]
[Site "Granada ESP"]
[Date "2005.05.12"]
[Round "9.2"]
[White "Alcazar Jimenez, Jesus"]
[Black "Garcia Castro, Pablo"]
[Result "1/2-1/2"]
[WhiteElo "2316"]
[BlackElo "2372"]
[PlyCount "61"]
[EventDate "2005.05.09"]
[EventType "swiss"]
[EventRounds "9"]
[EventCountry "ESP"]
[Source "lmi"]
[SourceDate "2005.05.11"]

1. e4 g6 2. c4 Bg7 3. Nc3 d6 4. g3 c5 5. Bg2 Nc6 6. d3 e6 7. Be3 Nge7 8. Nge2
Nd4 9. Qd2 O-O 10. O-O Rb8 11. Bh6 Nec6 12. h4 Qa5 13. Bxg7 Kxg7 14. h5 Nxe2+
15. Qxe2 Nd4 16. Qg4 e5 17. Qh4 Qd8 18. Qh2 Qg5 19. f4 Qxh5 20. Qxh5 gxh5 21.
f5 b5 22. b3 b4 23. Nd5 Bb7 24. f6+ Kh8 25. Ne7 Bc8 26. Kf2 Rb6 27. Rh1 Bg4 28.
Bh3 Bf3 29. Bg2 Bg4 30. Bh3 Bf3 31. Bg2 1/2-1/2

[Event "España ch Universitario 2005"]
[Site "Granada ESP"]
[Date "2005.05.12"]
[Round "9.3"]
[White "Herraiz Hidalgo, Herminio"]
[Black "Luna Cortes, Luis"]
[Result "1-0"]
[WhiteElo "2471"]
[BlackElo "2177"]
[PlyCount "62"]
[EventDate "2005.05.09"]
[EventType "swiss"]
[EventRounds "9"]
[EventCountry "ESP"]
[Source "lmi"]
[SourceDate "2005.05.11"]

1. d4 d5 2. c4 e6 3. Nc3 Nf6 4. Bg5 Be7 5. e3 b6 6. Bxf6 Bxf6 7. cxd5 exd5 8.
Rc1 O-O 9. Nge2 c6 10. g3 Bg4 11. Bg2 Re8 12. O-O Qd7 13. Qa4 b5 14. Qb3 a5 15.
Nf4 a4 16. Qc2 Bf5 17. Qd2 Na6 18. a3 Nc7 19. Rfd1 Ne6 20. Nd3 Ng5 21. Nc5 Qe7
22. Re1 Rad8 23. f4 Ne4 24. N3xe4 dxe4 25. Qe2 h6 26. g4 Bh7 27. f5 Bh4 28. Rf1
g6 29. Nxe4 gxf5 30. gxf5 Kh8 31. Kh1 Rc8 1-0

[Event "España ch Universitario 2005"]
[Site "Granada ESP"]
[Date "2005.05.12"]
[Round "9.4"]
[White "Gonzalez de la Torre, Santiago"]
[Black "Ruiz Maraña, Alejandro"]
[Result "0-1"]
[WhiteElo "2357"]
[BlackElo "2130"]
[PlyCount "52"]
[EventDate "2005.05.09"]
[EventType "swiss"]
[EventRounds "9"]
[EventCountry "ESP"]
[Source "lmi"]
[SourceDate "2005.05.11"]

1. e4 d5 2. exd5 Qxd5 3. Nc3 Qa5 4. d4 Nf6 5. Bc4 Bf5 6. Bd2 c6 7. Nge2 e6 8.
Ng3 Bg6 9. h4 h6 10. Nd5 Qd8 11. Nf4 Bh7 12. Qe2 Nbd7 13. O-O-O Nb6 14. Bxe6
fxe6 15. Nxe6 Qe7 16. Rde1 Kf7 17. Bb4 Qd7 18. Nxf8 Rhxf8 19. Bxf8 Kxf8 20. f3
Re8 21. Qd2 Nc4 22. Qc3 b5 23. Rxe8+ Qxe8 24. Rd1 Nd5 25. Qe1 Nde3 26. Rd2 Nxd2
0-1

[Event "España ch Universitario 2005"]
[Site "Granada ESP"]
[Date "2005.05.12"]
[Round "9.5"]
[White "Villar Nieves, Antonio"]
[Black "Fluvia Poyatos, Joan"]
[Result "1/2-1/2"]
[WhiteElo "2197"]
[BlackElo "2465"]
[PlyCount "114"]
[EventDate "2005.05.09"]
[EventType "swiss"]
[EventRounds "9"]
[EventCountry "ESP"]
[Source "lmi"]
[SourceDate "2005.05.11"]

1. d4 Nf6 2. Bg5 Ne4 3. Bf4 c5 4. f3 Qa5+ 5. c3 Nf6 6. Nd2 cxd4 7. Nb3 Qb6 8.
Qxd4 Nc6 9. Qxb6 axb6 10. Nd4 e5 11. Nxc6 exf4 12. Nd4 d5 13. g3 Bd6 14. gxf4
Bxf4 15. Kf2 O-O 16. e3 Bh6 17. Bb5 g6 18. Nge2 Bd7 19. Nf4 Bxf4 20. exf4 Bxb5
21. Nxb5 Nh5 22. f5 Nf4 23. Rhd1 Rae8 24. Rd2 Re5 25. Nd4 Rfe8 26. Rad1 Kg7 27.
Kg3 Nh5+ 28. Kh4 Kf6 29. a3 Ng7 30. Kg3 gxf5 31. Nb5 Re2 32. Nc7 R8e5 33. Rxe2
Rxe2 34. Nxd5+ Ke5 35. Nf4 Rc2 36. Rd5+ Kf6 37. Rd6+ Ne6 38. Rxb6 Ke5 39. Rb5+
Kf6 40. Nxe6 fxe6 41. Rxb7 h5 42. h4 e5 43. Rb6+ Kf7 44. a4 f4+ 45. Kh3 Rf2 46.
a5 Rxf3+ 47. Kg2 Rg3+ 48. Kf2 e4 49. Rb4 e3+ 50. Ke2 Rg2+ 51. Kf1 Rf2+ 52. Ke1
f3 53. Rf4+ Kg6 54. b4 Re2+ 55. Kf1 Rf2+ 56. Ke1 Re2+ 57. Kf1 Rf2+ 1/2-1/2

[Event "España ch Universitario 2005"]
[Site "Granada ESP"]
[Date "2005.05.12"]
[Round "9.6"]
[White "Prol Nogueira, Iago"]
[Black "Llanes Hurtado, Miguel"]
[Result "0-1"]
[WhiteElo "2163"]
[BlackElo "2409"]
[PlyCount "79"]
[EventDate "2005.05.09"]
[EventType "swiss"]
[EventRounds "9"]
[EventCountry "ESP"]
[Source "lmi"]
[SourceDate "2005.05.11"]

1. e4 c5 2. Nf3 Nc6 3. Bb5 d6 4. O-O Bd7 5. c3 Nf6 6. Re1 a6 7. Ba4 b5 8. Bc2
Bg4 9. h3 Bxf3 10. Qxf3 g6 11. a4 Bg7 12. axb5 axb5 13. e5 Rxa1 14. exf6 Bxf6
15. Qxc6+ Qd7 16. Be4 Qxc6 17. Bxc6+ Kd8 18. Na3 b4 19. Nc2 Ra6 20. Bf3 bxc3
21. dxc3 e6 22. Rd1 Ke7 23. Na3 Rb8 24. Nc4 d5 25. Ne3 Bg7 26. Ng4 h5 27. Ne3
Kf8 28. g4 hxg4 29. hxg4 Bh6 30. Kg2 Ra1 31. Kg3 d4 32. g5 Bxg5 33. Kg4 Bh6 34.
Rh1 f5+ 35. Kg3 f4+ 36. Kg4 fxe3 37. Rxh6 Kg7 38. Rh1 Rxb2 39. Bxb2 Rxh1 40.
fxe3 0-1

[Event "España ch Universitario 2005"]
[Site "Granada ESP"]
[Date "2005.05.12"]
[Round "9.7"]
[White "Andres Gonzalez, Ivan"]
[Black "Baron Rodriguez, Jesus"]
[Result "1/2-1/2"]
[WhiteElo "2314"]
[BlackElo "2437"]
[PlyCount "82"]
[EventDate "2005.05.09"]
[EventType "swiss"]
[EventRounds "9"]
[EventCountry "ESP"]
[Source "lmi"]
[SourceDate "2005.05.11"]

1. d4 Nf6 2. Nf3 e6 3. g3 d5 4. Bg2 Be7 5. O-O O-O 6. c4 c6 7. Qc2 b6 8. b3 Ba6
9. Bb2 Nbd7 10. Nbd2 Rc8 11. e4 c5 12. exd5 exd5 13. Rfe1 Re8 14. dxc5 dxc4 15.
Nxc4 b5 16. Nce5 Rxc5 17. Qd1 Rd5 18. Qc2 Rc5 19. Qd1 Rd5 20. Qc2 Rc5 21. Qd1
Nxe5 22. Rxe5 Qxd1+ 23. Rxd1 Rc2 24. Rd2 Rxd2 25. Nxd2 Bb4 26. Rxe8+ Nxe8 27.
Ne4 Bc8 28. Bd4 a5 29. Nc3 Bd7 30. Bf1 Nc7 31. Be5 f6 32. Bxc7 Bxc3 33. Bd3 f5
34. Kf1 Kf7 35. Ke2 Ke6 36. Bc2 Bc6 37. Bd3 g6 38. h4 a4 39. bxa4 bxa4 40. Bc4+
Bd5 41. Kd3 Bf6 1/2-1/2

[Event "España ch Universitario 2005"]
[Site "Granada ESP"]
[Date "2005.05.12"]
[Round "9.8"]
[White "Franco Alonso, Alejandro"]
[Black "Perez Candelario, Manuel"]
[Result "0-1"]
[WhiteElo "2387"]
[BlackElo "2495"]
[PlyCount "116"]
[EventDate "2005.05.09"]
[EventType "swiss"]
[EventRounds "9"]
[EventCountry "ESP"]
[Source "lmi"]
[SourceDate "2005.05.11"]

1. d4 d5 2. c4 e6 3. Nf3 Nf6 4. g3 Bb4+ 5. Bd2 Be7 6. Bg2 O-O 7. O-O c6 8. Qc2
Nbd7 9. Bf4 Nh5 10. Bc1 Nhf6 11. Nbd2 b5 12. c5 a5 13. e4 Ba6 14. e5 Ne8 15.
Re1 Nc7 16. h4 b4 17. Nf1 Re8 18. N1h2 Qb8 19. Bg5 Qb5 20. Bf1 Qb7 21. Bh3 Qb5
22. Re3 a4 23. Ng4 Qa5 24. Rae1 Bc4 25. Qb1 a3 26. b3 Ba6 27. Kg2 Nb5 28. Bxe7
Rxe7 29. Ng5 Nf8 30. Qd1 Qd8 31. h5 Rb7 32. f4 h6 33. Nf3 Nh7 34. Nf2 Nc3 35.
Qc2 Qe7 36. Nd2 Re8 37. Nd1 Nb5 38. Nf3 Rbb8 39. Kh2 Kh8 40. Qd2 Nc7 41. Nf2
Rg8 42. Nh4 g5 43. hxg6 fxg6 44. Rh1 g5 45. Ng2 h5 46. fxg5 Qxg5 47. Nh4 Rbf8
48. Rg1 Qh6 49. Nd3 Bxd3 50. Qxd3 Ng5 51. Bg2 Nb5 52. Rf1 Rxf1 53. Bxf1 Nc3 54.
Qc2 Nce4 55. Bg2 Rf8 56. Nf3 Nxf3+ 57. Rxf3 Rxf3 58. Bxf3 Qd2+ 0-1

[Event "España ch Universitario 2005"]
[Site "Granada ESP"]
[Date "2005.05.12"]
[Round "9.9"]
[White "Zurano Lopez, Pedro"]
[Black "Gonzalez Menendez, Ivan"]
[Result "1-0"]
[WhiteElo "2292"]
[BlackElo "2354"]
[PlyCount "111"]
[EventDate "2005.05.09"]
[EventType "swiss"]
[EventRounds "9"]
[EventCountry "ESP"]
[Source "lmi"]
[SourceDate "2005.05.11"]

1. d4 e6 2. e4 d5 3. exd5 exd5 4. Bd3 Nc6 5. c3 Bd6 6. Ne2 Qh4 7. g3 Qf6 8. Nf4
Nge7 9. O-O g6 10. Re1 O-O 11. Bf1 Nd8 12. Bg2 c6 13. Nd3 Bf5 14. Ne5 Qg7 15.
Bf4 Bb8 16. Qd2 Re8 17. Bh6 Qh8 18. Nf3 Ne6 19. h4 Bxb1 20. Raxb1 Nf5 21. Bh3
Nxh6 22. Bxe6 Qf6 23. Qxh6 fxe6 24. Ne5 Bxe5 25. Rxe5 Re7 26. Qe3 Rf8 27. Re1
Kh8 28. f4 Rfe8 29. Kg2 Qf7 30. Rh1 Qf6 31. Re1 Qf7 32. h5 gxh5 33. Rh1 Rg8 34.
Rexh5 Qf6 35. Qe5 Qxe5 36. Rxe5 Reg7 37. Rh3 Rg6 38. Reh5 R8g7 39. Kf3 Kg8 40.
R5h4 b6 41. g4 c5 42. g5 cxd4 43. cxd4 Rc7 44. Rh2 Rgg7 45. Ke3 Rc1 46. Re2 Kf7
47. Rh6 Rf1 48. Rf6+ Ke7 49. Kd2 Kd7 50. Rexe6 Rxf4 51. Rd6+ Kc7 52. Rxd5 Rg4
53. Rh6 Rf7 54. Rf6 Rg7 55. Kc3 Re7 56. Rdf5 1-0

[Event "España ch Universitario 2005"]
[Site "Granada ESP"]
[Date "2005.05.12"]
[Round "9.10"]
[White "Fluvia Poyatos, Jordi"]
[Black "Almagro Llanas, Pablo"]
[Result "1-0"]
[WhiteElo "2399"]
[BlackElo "2344"]
[PlyCount "81"]
[EventDate "2005.05.09"]
[EventType "swiss"]
[EventRounds "9"]
[EventCountry "ESP"]
[Source "lmi"]
[SourceDate "2005.05.11"]

1. e4 c6 2. d4 d5 3. e5 Bf5 4. Be3 e6 5. Nd2 Nd7 6. f4 Ne7 7. Ngf3 Qb6 8. Nb3
Be4 9. Be2 Bxf3 10. Bxf3 g5 11. fxg5 Nxe5 12. Bh5 Nc4 13. Qf3 Ng6 14. O-O Qc7
15. Rae1 Bd6 16. g3 Nxe3 17. Rxe3 Rf8 18. c4 dxc4 19. Nd2 O-O-O 20. Re4 Be7 21.
h4 Rxd4 22. Rxd4 Bc5 23. Qf2 Bxd4 24. Qxd4 Qxg3+ 25. Kh1 Qh3+ 26. Kg1 Qg3+ 27.
Kh1 Rd8 28. Qf2 Qh3+ 29. Kg1 Nxh4 30. Ne4 Rd4 31. Qg3 Qxg3+ 32. Nxg3 Rd5 33.
Bxf7 Rxg5 34. Bxe6+ Kc7 35. Kf2 Rb5 36. Rb1 c3 37. b3 Re5 38. Bg8 b5 39. Bxh7
b4 40. Rh1 Ra5 41. Rxh4 1-0